Společnosti pozdní doby

Na minha lista:
Detalhes bibliográficos
Autor principal: Petrusek, Miroslav
Formato: Livro
Idioma:tcheco
Publicado em: Praha Sociologické nakladatelství 2006
Colecção:Knižnice Sociologické aktuality 12. sv.
Assuntos:
Tags: Adicionar Tag
Sem tags, seja o primeiro a adicionar uma tag!

MARC

LEADER 00000nam$a2200000$$$4500
001 0062292
005 20240313090437.8
020 |a 80-86429-63-6 
041 0 |a cze 
044 |a CZ 
245 1 0 |a Společnosti pozdní doby  |c Miroslav Petrusek 
264 1 |a Praha  |b Sociologické nakladatelství  |c 2006 
300 |a 459 s. 
490 1 |a Knižnice Sociologické aktuality  |v 12. sv. 
830 0 |a Knižnice Sociologické aktuality  |v 12. sv. 
610 2 0 |a spoločnosť 
610 2 0 |a sociológia 
610 2 0 |a teórie sociologické 
610 2 0 |a štúdie sociologické 
100 1 |a Petrusek, Miroslav